| 000 | 00424nam a2200121Ia 4500 | ||
|---|---|---|---|
| 008 | 220216s9999 xx 000 0 und d | ||
| 100 | _aVarghese S. | ||
| 245 | 0 | _aNatural rubber nanocomposites | |
| 260 |
_bNational Conference in Emerging Trends in Polymer Engineering, 18-19 March 2004, School of Applied Science and Technology, Kottayam, India. _c2004 |
||
| 650 | _aNanocomposite | ||
| 650 | _aNatural rubber | ||
| 942 | _cBS | ||
| 999 |
_c52990 _d52990 |
||